[Event "NRW Class1 1819"]
[Site "Germany"]
[Date "2019.04.14"]
[Round "8.5"]
[White "Goldschmidt, Christian"]
[Black "Gottkehaskamp, Stefan"]
[Result "1/2-1/2"]
[WhiteElo "2168"]
[BlackElo "1998"]
[PlyCount "56"]
[EventDate "2018.09.16"]
[EventType "team-tourn"]
[EventRounds "9"]
[EventCountry "GER"]
[SourceTitle "EXT 2022"]
[Source "ChessBase"]
[SourceDate "2021.10.06"]
[SourceVersion "1"]
[SourceVersionDate "2021.10.06"]
[SourceQuality "1"]
[WhiteTeam "Brackel SF"]
[BlackTeam "Nienberge"]
[WhiteTeamCountry "GER"]
[BlackTeamCountry "GER"]

1. e4 Nf6 2. e5 Nd5 3. d4 d6 4. Bc4 Nb6 5. Bb3 dxe5 6. Qh5 e6 7. dxe5 a5 8. a4 Na6 9. Nc3 Nc5 10. Bg5 Be7 11. Rd1 Bd7 12. Be3 Nxb3 13. cxb3 0-0 14. Nge2 Qe8 15. Nf4 Bc6 16. 0-0 Nd7 17. Bd4 Bc5 18. Rfe1 Qe7 19. Qg4 h6 20. h4 Rfd8 21. Nh5 Qf8 22. Re3 Kh8 23. Bxc5 Nxc5 24. Rg3 Rxd1+ 25. Nxd1 Ne4 26. Qxg7+ Qxg7 27. Rxg7 Rg8 28. Rxg8+ Kxg8 1/2-1/2

[Event "Muensterland Regionalliga 1718"]
[Site "Germany"]
[Date "2018.04.21"]
[Round "8.4"]
[White "Gottkehaskamp, Stefan"]
[Black "Peters, Helmut"]
[Result "1/2-1/2"]
[WhiteElo "1971"]
[BlackElo "1980"]
[PlyCount "31"]
[EventDate "2017.09.02"]
[EventType "team-tourn"]
[EventRounds "9"]
[EventCountry "GER"]
[SourceTitle "EXT 2019"]
[Source "ChessBase"]
[SourceDate "2018.10.10"]
[SourceVersion "1"]
[SourceVersionDate "2018.10.10"]
[SourceQuality "1"]
[WhiteTeam "Nienberge"]
[BlackTeam "Muenster SK III"]
[WhiteTeamCountry "GER"]
[BlackTeamCountry "GER"]

1. d4 Nf6 2. Bf4 d5 3. e3 e6 4. Nd2 Bd6 5. Bg3 0-0 6. Bd3 b6 7. Ngf3 Bb7 8. Ne5 Ne4 9. c3 Nd7 10. f4 f6 11. Nxd7 Qxd7 12. Qc2 f5 13. Nxe4 fxe4 14. Be2 a5 15. Bh4 Ba6 16. Bxa6 1/2-1/2

[Event "Muensterland Regionalliga 1718"]
[Site "Germany"]
[Date "2017.09.02"]
[Round "1.4"]
[White "Gottkehaskamp, Stefan"]
[Black "Cigelski, Rudolf"]
[Result "1-0"]
[WhiteElo "1971"]
[BlackElo "1855"]
[PlyCount "67"]
[EventDate "2017.09.02"]
[EventType "team-tourn"]
[EventRounds "9"]
[EventCountry "GER"]
[SourceTitle "EXT 2019"]
[Source "ChessBase"]
[SourceDate "2018.10.10"]
[SourceVersion "1"]
[SourceVersionDate "2018.10.10"]
[SourceQuality "1"]
[WhiteTeam "Nienberge"]
[BlackTeam "Beelen"]
[WhiteTeamCountry "GER"]
[BlackTeamCountry "GER"]

1. d4 Nc6 2. d5 Ne5 3. f4 Ng6 4. e4 e6 5. dxe6 fxe6 6. Nf3 Bc5 7. Nc3 Nf6 8. e5 Ng4 9. Ne4 Bb6 10. Nfg5 Ne3 11. Bxe3 Bxe3 12. g3 Qe7 13. a3 a5 14. Bd3 Nf8 15. Nf6+ Kd8 16. Nfxh7 b5 17. Qf3 Nxh7 18. Nxh7 Bb6 19. Qxa8 c6 20. Ng5 Kc7 21. Ne4 g5 22. 0-0-0 gxf4 23. gxf4 Qh4 24. Nd6 Qxf4+ 25. Kb1 Qxe5 26. Nf7 Qg7 27. Nxh8 Qxh8 28. h4 Qh5 29. Rdf1 Bb7 30. Qg8 c5 31. Qg3+ e5 32. Rf5 Qxf5 33. Bxf5 Bxh1 34. Qxe5+ 1-0

[Event "Muensterland Regionalliga 1516"]
[Site "Germany"]
[Date "2015.09.26"]
[Round "2.6"]
[White "Kuhlenbaeumer, Alfred"]
[Black "Gottkehaskamp, Stefan"]
[Result "1/2-1/2"]
[WhiteElo "1854"]
[BlackElo "1953"]
[PlyCount "88"]
[EventDate "2015.09.05"]
[EventType "team"]
[EventRounds "9"]
[EventCountry "GER"]
[SourceTitle "EXT 2017"]
[Source "ChessBase"]
[SourceDate "2016.10.25"]
[SourceVersion "1"]
[SourceVersionDate "2016.10.25"]
[SourceQuality "1"]
[WhiteTeam "Telgte"]
[BlackTeam "Nienberge"]
[WhiteTeamCountry "GER"]
[BlackTeamCountry "GER"]

1. e4 Nf6 2. e5 Nd5 3. Bc4 e6 4. Nf3 Nb6 5. Bb3 d5 6. d4 c5 7. c3 Nc6 8. 0-0 Be7 9. Bc2 cxd4 10. cxd4 Nb4 11. Bb3 0-0 12. Nc3 Bd7 13. a3 Nc6 14. Bc2 f5 15. exf6 Bxf6 16. Re1 a6 17. Qd3 g6 18. Bh6 Re8 19. Re2 Nc4 20. b3 Nd6 21. Bf4 Nf7 22. Rae1 b5 23. h4 Bxh4 24. g3 Bf6 25. Kg2 Bg7 26. b4 Qf6 27. Rd2 Bh6 28. Bxh6 Nxh6 29. Rh1 Nf5 30. g4 Nd6 31. Ne5 Re7 32. Re2 Rf8 33. Rh3 Nf7 34. Nxc6 Bxc6 35. Rf3 Qg7 36. Rfe3 Nd8 37. Bb3 Ref7 38. f3 Rf4 39. Re5 Kh8 40. R2e3 Bd7 41. Ne2 R4f6 42. g5 R6f7 43. f4 Bc8 44. Rg3 Rc7 1/2-1/2

[Event "Muensterland Regionalliga 1415"]
[Site "Germany"]
[Date "2015.03.14"]
[Round "7.7"]
[White "Janning, Rainer"]
[Black "Gottkehaskamp, Stefan"]
[Result "1-0"]
[WhiteElo "1883"]
[BlackElo "1935"]
[PlyCount "89"]
[EventDate "2014.09.20"]
[EventType "team-tourn"]
[EventRounds "9"]
[EventCountry "GER"]
[SourceTitle "EXT 2016"]
[Source "ChessBase"]
[SourceDate "2015.10.08"]
[SourceVersion "1"]
[SourceVersionDate "2015.10.08"]
[SourceQuality "1"]
[WhiteTeam "Steinfurt"]
[BlackTeam "Nienberge"]
[WhiteTeamCountry "GER"]
[BlackTeamCountry "GER"]

1. f4 d5 2. e3 Nf6 3. Nf3 Bg4 4. h3 Bxf3 5. Qxf3 e6 6. d3 c6 7. g4 g6 8. Nd2 Bg7 9. d4 Qb6 10. c3 Na6 11. Bd3 0-0-0 12. b4 Nb8 13. Nb3 Nfd7 14. a4 f6 15. Bd2 e5 16. Be2 exf4 17. exf4 Rde8 18. Kd1 Qc7 19. Bd3 Nb6 20. f5 Nc4 21. Bxc4 dxc4 22. Bf4 Qf7 23. Nc5 Nd7 24. Ne6 Nf8 25. Nxg7 Qxg7 26. Bh2 Qe7 27. Kd2 Qe4 28. Qxe4 Rxe4 29. Rae1 Rxe1 30. Rxe1 Nd7 31. Re7 gxf5 32. gxf5 Kd8 33. Rg7 h5 34. h4 Re8 35. Bd6 Rh8 36. d5 cxd5 37. Ke3 Ne5 38. Kd4 Nf3+ 39. Kxd5 Re8 40. Rxb7 Re3 41. Rxa7 Nxh4 42. Kxc4 Nxf5 43. Bc5 Re1 44. Rh7 h4 45. a5 1-0

[Event "Muensterland Regionalliga 1415"]
[Site "Germany"]
[Date "2014.11.22"]
[Round "3.6"]
[White "Gottkehaskamp, Stefan"]
[Black "Van Dijk, Guido"]
[Result "1-0"]
[WhiteElo "1935"]
[BlackElo "1734"]
[PlyCount "69"]
[EventDate "2014.09.20"]
[EventType "team-tourn"]
[EventRounds "9"]
[EventCountry "GER"]
[SourceTitle "EXT 2016"]
[Source "ChessBase"]
[SourceDate "2015.10.08"]
[SourceVersion "1"]
[SourceVersionDate "2015.10.08"]
[SourceQuality "1"]
[WhiteTeam "Nienberge"]
[BlackTeam "Rheine Klein Berlin"]
[WhiteTeamCountry "GER"]
[BlackTeamCountry "GER"]

1. d4 d5 2. Bf4 c6 3. e3 Qb6 4. b3 Bf5 5. Bd3 Bxd3 6. Qxd3 e6 7. Nf3 Nd7 8. 0-0 Ngf6 9. Nbd2 Be7 10. h3 h6 11. c4 c5 12. Ne5 0-0 13. Nxd7 Nxd7 14. cxd5 exd5 15. Rac1 Rac8 16. Nf3 Rfd8 17. Rfd1 Bf6 18. Qb1 Qe6 19. Qd3 a6 20. Qd2 b5 21. dxc5 Nxc5 22. Nd4 Bxd4 23. Qxd4 Ne4 24. f3 Nf6 25. Be5 Ne8 26. Rxc8 Qxc8 27. e4 Qc2 28. Rd2 Qb1+ 29. Kh2 Rc8 30. exd5 f6 31. Bf4 Rc1 32. Re2 Rh1+ 33. Kg3 Qg6+ 34. Kf2 f5 35. d6 1-0

[Event "Muensterland Verbandsliga 1213"]
[Site "Germany"]
[Date "2013.04.13"]
[Round "8.4"]
[White "Gottkehaskamp, Stefan"]
[Black "Langhanke, Guenther"]
[Result "1/2-1/2"]
[WhiteElo "1925"]
[BlackElo "2035"]
[PlyCount "38"]
[EventDate "2012.09.22"]
[EventType "team-tourn"]
[EventRounds "9"]
[EventCountry "GER"]
[SourceTitle "EXT 2015"]
[Source "ChessBase"]
[SourceDate "2014.11.20"]
[SourceVersion "1"]
[SourceVersionDate "2014.11.20"]
[SourceQuality "1"]
[WhiteTeam "Nienberge"]
[BlackTeam "Rheine Klein Berlin"]
[WhiteTeamCountry "GER"]
[BlackTeamCountry "GER"]

1. d4 Nf6 2. Bf4 d6 3. e3 g6 4. Bd3 Bg7 5. Nf3 0-0 6. h3 Nbd7 7. c3 Re8 8. e4 e5 9. dxe5 Nxe5 10. Nxe5 dxe5 11. Be3 Be6 12. Qe2 Nd7 13. Nd2 Qe7 14. Nb3 a5 15. Bc4 a4 16. Bxe6 Qxe6 17. Nc5 Nxc5 18. Bxc5 Qc6 19. Ba3 Rad8 1/2-1/2

[Event "Muensterland Verbandsliga 1112"]
[Site "Germany"]
[Date "2012.03.17"]
[Round "8.6"]
[White "Schmeing, Walter"]
[Black "Gottkehaskamp, Stefan"]
[Result "1/2-1/2"]
[WhiteElo "2007"]
[BlackElo "1913"]
[PlyCount "98"]
[EventDate "2011.09.24"]
[EventType "team-tourn"]
[EventRounds "9"]
[EventCountry "GER"]
[SourceTitle "EXT 2013"]
[Source "ChessBase"]
[SourceDate "2012.11.22"]
[SourceVersion "1"]
[SourceVersionDate "2012.11.22"]
[SourceQuality "1"]
[WhiteTeam "Suedlohn"]
[BlackTeam "Nienberge"]
[WhiteTeamCountry "GER"]
[BlackTeamCountry "GER"]

1. e4 Nf6 2. e5 Nd5 3. d4 d6 4. c4 Nb6 5. exd6 exd6 6. Nf3 Bg4 7. Be2 Nc6 8. 0-0 Be7 9. b3 0-0 10. Bb2 Bf6 11. Na3 Re8 12. Nc2 a5 13. a4 Bh5 14. Qd2 Nd7 15. Rfe1 Ndb8 16. Bc3 Nd7 17. Ne3 Nb6 18. Nf5 Bg6 19. Ng3 Qd7 20. Bd3 d5 21. c5 Nc8 22. Rxe8+ Qxe8 23. Bb5 Qd8 24. Bxc6 bxc6 25. Bxa5 Ne7 26. b4 Qd7 27. Qf4 Rc8 28. Ra2 Nf5 29. Re2 Nxg3 30. hxg3 h6 31. Ne5 Bxe5 32. Qxe5 Kf8 33. Qf4 Bd3 34. Rb2 Bc4 35. g4 Kg8 36. Rb1 Bd3 37. Ra1 Bc4 38. g5 hxg5 39. Qxg5 Re8 40. Qg3 Rc8 41. Re1 Re8 42. Rxe8+ Qxe8 43. Bxc7 Qe1+ 44. Kh2 f6 45. Qe3 Qd1 46. f3 Qxa4 47. Qe8+ Kh7 48. Qh5+ Kg8 49. Qe8+ Kh7 1/2-1/2

[Event "Muensterland Verbandsliga 1112"]
[Site "Germany"]
[Date "2011.10.15"]
[Round "2.5"]
[White "Hunhoff, Andreas"]
[Black "Gottkehaskamp, Stefan"]
[Result "1/2-1/2"]
[WhiteElo "1759"]
[BlackElo "1913"]
[PlyCount "57"]
[EventDate "2011.09.24"]
[EventType "team-tourn"]
[EventRounds "9"]
[EventCountry "GER"]
[SourceTitle "EXT 2013"]
[Source "ChessBase"]
[SourceDate "2012.11.22"]
[SourceVersion "1"]
[SourceVersionDate "2012.11.22"]
[SourceQuality "1"]
[WhiteTeam "Bocholt"]
[BlackTeam "Nienberge"]
[WhiteTeamCountry "GER"]
[BlackTeamCountry "GER"]

1. f4 d5 2. e3 Nc6 3. Nf3 Bg4 4. Be2 e6 5. 0-0 Nf6 6. d3 Bc5 7. Ne5 Bxe2 8. Qxe2 Ne7 9. d4 Bb6 10. Bd2 Nf5 11. c3 c6 12. Be1 Ne4 13. Nd2 Nxd2 14. Bxd2 Nd6 15. Be1 Qe7 16. b3 0-0 17. Rf3 f6 18. Nd3 Ne4 19. Nf2 Nxf2 20. Bxf2 e5 21. fxe5 fxe5 22. Rxf8+ Rxf8 23. Qg4 Qf7 24. Bg3 Ba5 25. b4 Bc7 26. h3 h5 27. Qg5 exd4 28. Bxc7 Qxc7 29. exd4 1/2-1/2

[Event "Muensterland Verbandsliga 1011"]
[Site "Germany"]
[Date "2010.09.25"]
[Round "1.7"]
[White "Willermann, Norbert"]
[Black "Gottkehaskamp, Stefan"]
[Result "1/2-1/2"]
[WhiteElo "1758"]
[BlackElo "1893"]
[PlyCount "42"]
[EventDate "2010.09.25"]
[EventType "team-tourn"]
[EventRounds "9"]
[EventCountry "GER"]
[SourceTitle "EXT 2012"]
[Source "ChessBase"]
[SourceDate "2011.11.24"]
[SourceVersion "1"]
[SourceVersionDate "2011.11.24"]
[SourceQuality "1"]
[WhiteTeam "Ostbevern Westbevern"]
[BlackTeam "Nienberge"]
[WhiteTeamCountry "GER"]
[BlackTeamCountry "GER"]

1. e4 Nf6 2. Nc3 d5 3. exd5 Nxd5 4. Nxd5 Qxd5 5. d4 Nc6 6. c3 e5 7. dxe5 Qxd1+ 8. Kxd1 Nxe5 9. Bf4 Bd6 10. Be2 Bf5 11. Nf3 0-0-0 12. Bxe5 Bxe5+ 13. Ke1 Bf6 14. Rd1 Bc2 15. Rd2 Bb1 16. Rxd8+ Rxd8 17. Bc4 Rd7 18. Ke2 Be4 19. Re1 c6 20. Ke3 Re7 21. Kf4 Bxf3 1/2-1/2

[Event "Muensterland Verbandsklasse-A 0809"]
[Site "Germany"]
[Date "2008.10.11"]
[Round "2.4"]
[White "Gottkehaskamp, Stefan"]
[Black "Kelecic, Dominik"]
[Result "1-0"]
[WhiteElo "1896"]
[BlackElo "1785"]
[PlyCount "49"]
[EventDate "2008.09.13"]
[EventType "tourn"]
[EventRounds "9"]
[EventCountry "GER"]
[SourceTitle "EXT 2010"]
[Source "ChessBase"]
[SourceDate "2010.11.25"]
[SourceVersion "1"]
[SourceVersionDate "2010.11.25"]
[SourceQuality "1"]
[WhiteTeam "Nienberge"]
[BlackTeam "Suedlohn II"]
[WhiteTeamCountry "GER"]
[BlackTeamCountry "GER"]

1. d4 e6 2. Bf4 Nf6 3. e3 d5 4. Nf3 Nbd7 5. Nbd2 c5 6. c3 Be7 7. Ne5 0-0 8. Bd3 Nxe5 9. dxe5 Nd7 10. h4 f6 11. Qh5 f5 12. g4 c4 13. Bc2 Nc5 14. 0-0-0 b5 15. Nf3 g6 16. Qh6 Rf7 17. gxf5 exf5 18. h5 Bf8 19. hxg6 Bxh6 20. gxf7+ Kxf7 21. Rxh6 Ne4 22. Rxh7+ Kg8 23. Rdh1 Qa5 24. Rh8+ Kf7 25. R1h7+ 1-0

[Event "Muensterland Verbandsklasse-B 0708"]
[Site "Germany"]
[Date "2008.02.16"]
[Round "6.6"]
[White "Janning, Rainer"]
[Black "Gottkehaskamp, Stefan"]
[Result "1/2-1/2"]
[WhiteElo "1892"]
[BlackElo "1876"]
[PlyCount "71"]
[EventDate "2007.09.15"]
[EventType "team-tourn"]
[EventRounds "9"]
[EventCountry "GER"]
[SourceTitle "EXT 2009"]
[Source "ChessBase"]
[SourceDate "2008.11.26"]
[SourceVersion "1"]
[SourceVersionDate "2008.11.26"]
[SourceQuality "1"]
[WhiteTeam "Steinfurt"]
[BlackTeam "Nienberge"]
[WhiteTeamCountry "GER"]
[BlackTeamCountry "GER"]

1. f4 d5 2. Nf3 Nc6 3. e3 Bg4 4. Bb5 Qd6 5. 0-0 0-0-0 6. d4 Nh6 7. c3 f6 8. Qa4 a6 9. Bxc6 Qxc6 10. Qxc6 bxc6 11. Nbd2 e6 12. h3 Bxf3 13. Nxf3 Nf5 14. Re1 Nd6 15. Nd2 Ne4 16. Nxe4 dxe4 17. b4 h5 18. Rf1 f5 19. h4 Be7 20. g3 a5 21. bxa5 c5 22. Rb1 c4 23. Rf2 Kd7 24. Rb5 Ra8 25. a4 Ra7 26. Ra2 Rha8 27. Ba3 c6 28. Rb6 Bd8 29. Rb4 Rxa5 30. Bc1 Be7 31. Rxc4 Rb8 32. Rb2 Rxb2 33. Bxb2 Kd6 34. Rb4 Kc7 35. Rc4 Kd6 36. Rb4 1/2-1/2

[Event "Muenster Bezirksliga 0607"]
[Site "Germany"]
[Date "2006.10.28"]
[Round "2.36"]
[White "Merkentrup, Ralf"]
[Black "Gottkehaskamp, Stefan"]
[Result "0-1"]
[WhiteElo "1716"]
[BlackElo "1860"]
[PlyCount "82"]
[EventDate "2006.09.16"]
[EventType "team"]
[EventRounds "9"]
[EventCountry "GER"]
[SourceTitle "EXT 2008"]
[Source "ChessBase"]
[SourceDate "2007.11.25"]
[SourceVersion "1"]
[SourceVersionDate "2007.11.25"]
[SourceQuality "1"]
[WhiteTeam "Telgte II"]
[BlackTeam "Muenster SF"]
[WhiteTeamCountry "GER"]
[BlackTeamCountry "GER"]

1. e4 Nf6 2. e5 Nd5 3. d4 d6 4. Nf3 dxe5 5. Nxe5 c6 6. Bc4 Nd7 7. Nf3 N7b6 8. Be2 Bg4 9. 0-0 e6 10. b3 Qc7 11. g3 Be7 12. c4 Nf6 13. Bf4 Qd8 14. a4 0-0 15. a5 Nbd7 16. Qc2 Nb8 17. Rd1 Na6 18. Be5 Nb4 19. Qc1 Nh5 20. Nc3 f6 21. Bf4 Nxf4 22. Qxf4 Bf5 23. Ne4 g5 24. Qe3 Nc2 25. Qd3 Nxa1 26. Rxa1 Qe8 27. Qe3 Qg6 28. Nc5 Bxc5 29. dxc5 e5 30. a6 Rab8 31. Qd2 Rfd8 32. Qa5 Qf7 33. Qc3 Qc7 34. Ne1 Rd7 35. Ng2 Rbd8 36. Ne3 Bg6 37. Ng4 Kg7 38. axb7 Qxb7 39. Qf3 Rf7 40. Qc3 Qc7 41. Bf3 Rd3 0-1

[Event "Muenster Bezirksliga 0506"]
[Site "Muenster"]
[Date "2006.01.14"]
[Round "5.3"]
[White "Weng, Peter"]
[Black "Gottkehaskamp, Stefan"]
[Result "1/2-1/2"]
[WhiteElo "1778"]
[BlackElo "1860"]
[PlyCount "72"]
[EventDate "2005.09.10"]
[EventType "team"]
[EventRounds "9"]
[EventCountry "GER"]
[SourceTitle "EXT 2007"]
[Source "ChessBase"]
[SourceDate "2006.11.23"]
[SourceVersion "1"]
[SourceVersionDate "2006.11.23"]
[SourceQuality "1"]
[WhiteTeam "Sendenhorst II"]
[BlackTeam "Muenster"]
[WhiteTeamCountry "GER"]
[BlackTeamCountry "GER"]

1. e4 Nf6 2. Nc3 d5 3. exd5 Nxd5 4. Nf3 Bf5 5. Bc4 Nb6 6. Bb3 Nc6 7. g4 Bg6 8. Nh4 e6 9. Nxg6 hxg6 10. Qf3 Qd6 11. h3 Qe5+ 12. Qe3 Bd6 13. d3 0-0-0 14. f4 Qf6 15. Ne4 Qh4+ 16. Qg3 Be7 17. Be3 Qxg3+ 18. Nxg3 Bh4 19. Kf2 Nd5 20. Bxd5 exd5 21. a3 Rde8 22. Rae1 Bf6 23. Bc1 Rxe1 24. Kxe1 Bh4 25. Kf2 Nd4 26. c3 Nb3 27. Re1 Nc5 28. Rd1 Re8 29. Kf3 Nb3 30. Ne2 Be7 31. Be3 Bd6 32. Nd4 Bc5 33. Nc2 Bxe3 34. Nxe3 d4 35. Nc2 dxc3 36. bxc3 Nc5 1/2-1/2

[Event "Muenster Bezirksliga 0506"]
[Site "Muenster"]
[Date "2005.10.29"]
[Round "2.3"]
[White "Gottkehaskamp, Stefan"]
[Black "Bruins, Ludwig"]
[Result "1-0"]
[WhiteElo "1860"]
[BlackElo "1759"]
[PlyCount "103"]
[EventDate "2005.09.10"]
[EventType "team"]
[EventRounds "9"]
[EventCountry "GER"]
[SourceTitle "EXT 2007"]
[Source "ChessBase"]
[SourceDate "2006.11.23"]
[SourceVersion "1"]
[SourceVersionDate "2006.11.23"]
[SourceQuality "1"]
[WhiteTeam "Muenster"]
[BlackTeam "Duelmen II"]
[WhiteTeamCountry "GER"]
[BlackTeamCountry "GER"]

1. d4 Nf6 2. Nf3 g6 3. Bg5 Bg7 4. Nbd2 c5 5. Bxf6 Bxf6 6. Ne4 Bg7 7. Nxc5 0-0 8. c3 d6 9. Nb3 b6 10. e4 Bb7 11. Bd3 Nd7 12. 0-0 e5 13. Re1 exd4 14. cxd4 Re8 15. Nbd2 Nf6 16. Qb3 Nh5 17. Bc4 Qe7 18. e5 dxe5 19. Nxe5 Bxe5 20. Rxe5 Qf6 21. Rae1 Rxe5 22. dxe5 Qe7 23. e6 f6 24. Qa3 Kf8 25. Qe3 g5 26. Qh3 Nf4 27. Qh6+ Kg8 28. Ne4 Bxe4 29. Rxe4 Ng6 30. Rd4 Ne5 31. Bb3 Rc8 32. h4 Rc1+ 33. Kh2 Rc7 34. hxg5 fxg5 35. Qh5 Ng6 36. Qf3 Kg7 37. Qd1 Nf4 38. Rd7 Rxd7 39. exd7 Qd8 40. Qd4+ Kf8 41. Qh8+ Ke7 42. Qxh7+ Kd6 43. g3 Ne6 44. Qg6 Qxd7 45. Qxe6+ Qxe6 46. Bxe6 Kxe6 47. f4 Kf5 48. fxg5 Kxg5 49. Kg2 Kg4 50. Kf2 a6 51. b3 b5 52. b4 1-0